All Countries and US States by Area, with World Map and hints - Statistics

General Stats
  • This quiz has been taken 10,498 times
  • The average score is 105 of 246
Answers on the Map
Answers color-coded by a green-red scale on the quiz's map according to % correct below.
 
Answer Stats
Area Area hint Rank Type Name Country % Correct
17,098,246 17.09m 1 Country Russia Russia . C
100%
9,984,670 9.98m 2 Country Canada Canada . C
98%
9,596,961 9.59m 3 Country China China . U..
97%
8,515,767 8.51m 5 Country Brazil Brazil . A
94%
9,525,067 9.52m 4 Country United States United States . B
94%
7,692,024 7.69m 6 Country Australia Australia . I
93%
3,287,263 3.28m 7 Country India India . A
93%
2,780,400 2.78m 8 Country Argentina Argentina . K
91%
2,724,900 2.72m 9 Country Kazakhstan Kazakhstan . A
91%
2,381,741 2.38m 10 Country Algeria Algeria . D..
89%
2,344,858 2.34m 11 Country D. R. Congo D. R. Congo . S..
88%
1,964,375 1.96m 13 Country Mexico Mexico . I
87%
2,149,690 2.14m 12 Country Saudi Arabia Saudi Arabia . M
87%
1,910,931 1.91m 14 Country Indonesia Indonesia . S
85%
1,861,484 1.86m 15 Country Sudan Sudan . L
85%
1,759,540 1.75m 16 Country Libya Libya . A
84%
1,723,337 1.72m 17 US State Alaska Alaska . I
81%
1,648,195 1.64m 18 Country Iran Iran . M
81%
1,564,110 1.56m 19 Country Mongolia Mongolia . P
81%
1,285,216 1.28m 20 Country Peru Peru . C
81%
1,284,000 1.28m 21 Country Chad Chad . N
80%
1,267,000 1.26m 22 Country Niger Niger . A
80%
1,246,700 1.24m 23 Country Angola Angola . M
79%
1,240,192 1.24m 24 Country Mali Mali . S..
79%
1,221,037 1.22m 25 Country South Africa South Africa . C
79%
1,098,581 1.09m 28 Country Bolivia Bolivia . M
78%
1,141,748 1.14m 26 Country Colombia Colombia . E
78%
1,002,450 1m 30 Country Egypt Egypt . T
78%
1,104,300 1.1m 27 Country Ethiopia Ethiopia . B
78%
1,030,700 1.03m 29 Country Mauritania Mauritania . E
77%
825,615 825k 35 Country Namibia Namibia . M
77%
923,768 923k 32 Country Nigeria Nigeria . V
77%
881,912 881k 34 Country Pakistan Pakistan . N
77%
945,087 945k 31 Country Tanzania Tanzania . N
77%
916,445 916k 33 Country Venezuela Venezuela . P
77%
801,590 801k 36 Country Mozambique Mozambique . T
76%
783,562 783k 37 Country Turkey Turkey . C
76%
756,102 756k 38 Country Chile Chile . Z
75%
695,662 695k 40 US State Texas Texas . M
75%
752,612 752k 39 Country Zambia Zambia . T
75%
652,230 652k 42 Country Afghanistan Afghanistan . S..
74%
676,578 676k 41 Country Myanmar Myanmar . A
74%
640,679 640k 44 Country France France . S
73%
637,657 637k 45 Country Somalia Somalia . C..
73%
644,329 644k 43 Country South Sudan South Sudan . F
73%
622,984 622k 46 Country Central African Republic Central African Republic . U
72%
587,041 587k 48 Country Madagascar Madagascar . B
72%
603,500 603k 47 Country Ukraine Ukraine . M
72%
581,730 581k 49 Country Botswana Botswana . K
71%
580,367 580k 50 Country Kenya Kenya . Y
71%
527,968 527k 51 Country Yemen Yemen . T
71%
505,992 505k 53 Country Spain Spain . T
70%
450,295 450k 57 Country Sweden Sweden . U
70%
513,120 513k 52 Country Thailand Thailand . S
70%
488,100 488k 54 Country Turkmenistan Turkmenistan . C
70%
423,972 423k 61 US State California California . P
69%
475,442 475k 55 Country Cameroon Cameroon . P..
69%
438,317 438k 60 Country Iraq Iraq . C
69%
446,550 446k 59 Country Morocco Morocco . I
69%
462,840 462k 56 Country Papua New Guinea Papua New Guinea . S
69%
447,400 447k 58 Country Uzbekistan Uzbekistan . M
69%
357,114 357k 66 Country Germany Germany . P
68%
377,930 377k 65 Country Japan Japan . G
68%
406,752 406k 62 Country Paraguay Paraguay . Z
68%
390,757 390k 63 Country Zimbabwe Zimbabwe . M
68%
380,831 380k 64 US State Montana Montana . J
67%
343,448 343k 67 Country Philippines Philippines . R..
67%
338,424 338k 69 Country Finland Finland . V
66%
331,212 331k 70 Country Vietnam Vietnam . M
65%
330,803 330k 71 Country Malaysia Malaysia . N
64%
323,802 323k 72 Country Norway Norway . C..
64%
342,000 342k 68 Country Rep. of the Congo Rep. of the Congo . F
64%
309,500 309k 76 Country Oman Oman . I
60%
312,679 312k 75 Country Poland Poland . O
60%
295,234 295k 78 US State Arizona Arizona . N
59%
301,336 301k 77 Country Italy Italy . A
59%
322,463 322k 73 Country Côte d'Ivoire Côte d'Ivoire . N..
58%
286,380 286k 79 US State Nevada Nevada . E
58%
314,917 314k 74 US State New Mexico New Mexico . P
58%
274,222 274k 81 Country Burkina Faso Burkina Faso . N..
57%
276,841 276k 80 Country Ecuador Ecuador . B..
57%
270,467 270k 82 Country New Zealand New Zealand . C
56%
269,601 269k 83 US State Colorado Colorado . G
55%
267,668 267k 84 Country Gabon Gabon . O
55%
254,799 254k 85 US State Oregon Oregon . W
55%
242,495 242k 89 Country United Kingdom United Kingdom . U
54%
253,335 253k 86 US State Wyoming Wyoming . M
54%
238,397 238k 92 Country Romania Romania . L
53%
241,550 241k 90 Country Uganda Uganda . G
53%
238,533 238k 91 Country Ghana Ghana . R
52%
245,857 245k 88 Country Guinea Guinea . U..
52%
236,800 236k 93 Country Laos Laos . M
52%
250,487 250k 87 US State Michigan Michigan . G
52%
225,163 225k 94 US State Minnesota Minnesota . U
51%
216,443 216k 96 US State Idaho Idaho . G
50%
219,882 219k 95 US State Utah Utah . I
50%
207,600 207k 99 Country Belarus Belarus . N
49%
214,969 214k 97 Country Guyana Guyana . K
49%
213,100 213k 98 US State Kansas Kansas . B
48%
199,951 199k 101 Country Kyrgyzstan Kyrgyzstan . S..
48%
200,330 200k 100 US State Nebraska Nebraska . K
48%
184,661 184k 105 US State Washington Washington . N..
48%
183,108 183k 106 US State North Dakota North Dakota . O
47%
181,037 181k 107 US State Oklahoma Oklahoma . C
47%
196,722 196k 103 Country Senegal Senegal . S
47%
199,729 199k 102 US State South Dakota South Dakota . S
47%
185,180 185k 104 Country Syria Syria . W
47%
181,035 181k 108 Country Cambodia Cambodia . M
46%
176,215 176k 110 Country Uruguay Uruguay . F
46%
170,312 170k 111 US State Florida Florida . W
45%
180,540 180k 109 US State Missouri Missouri . U
45%
169,635 169k 112 US State Wisconsin Wisconsin . S
44%
153,910 153k 115 US State Georgia Georgia . I
43%
149,995 149k 116 US State Illinois Illinois . B
43%
163,820 163k 113 Country Suriname Suriname . T
43%
163,610 163k 114 Country Tunisia Tunisia . G
43%
147,570 147k 117 Country Bangladesh Bangladesh . N
42%
147,181 147k 118 Country Nepal Nepal . I
42%
145,746 145k 119 US State Iowa Iowa . T
41%
143,100 143k 120 Country Tajikistan Tajikistan . N..
41%
141,297 141k 121 US State New York New York . N..
40%
139,391 139k 122 US State North Carolina North Carolina . A
40%
135,767 135k 124 US State Alabama Alabama . L
39%
137,732 137k 123 US State Arkansas Arkansas . A
39%
135,659 135k 125 US State Louisiana Louisiana . G
39%
131,990 131k 126 Country Greece Greece . N
38%
130,373 130k 127 Country Nicaragua Nicaragua . M
38%
120,540 120k 129 Country North Korea North Korea . P
38%
125,438 125k 128 US State Mississippi Mississippi . N..
36%
119,280 119k 130 US State Pennsylvania Pennsylvania . M
36%
114,763 114k 134 Country Benin Benin . H
35%
110,879 110k 137 Country Bulgaria Bulgaria . V
35%
117,600 117k 132 Country Eritrea Eritrea . O
35%
118,484 118k 131 Country Malawi Malawi . E
35%
116,098 116k 133 US State Ohio Ohio . B
35%
112,492 112k 135 Country Honduras Honduras . L
34%
111,369 111k 136 Country Liberia Liberia . B
34%
110,787 110k 138 US State Virginia Virginia . C
34%
109,884 109k 139 Country Cuba Cuba . T
33%
100,210 100k 144 Country South Korea South Korea . I
33%
108,889 108k 141 Country Guatemala Guatemala . K
32%
93,028 93k 146 Country Hungary Hungary . P
32%
103,000 103k 143 Country Iceland Iceland . S..
32%
94,326 94.3k 145 US State Indiana Indiana . H
32%
104,656 104k 142 US State Kentucky Kentucky . I
32%
109,153 109k 140 US State Tennessee Tennessee . G
32%
92,090 92k 147 Country Portugal Portugal . M
31%
86,600 86.6k 150 Country Azerbaijan Azerbaijan . A
30%
89,342 89.3k 149 Country Jordan Jordan . A
30%
91,633 91.6k 148 US State Maine Maine . J
30%
83,871 83.8k 151 Country Austria Austria . U..
29%
78,865 78.8k 154 Country Czech Republic Czech Republic . S
29%
82,933 82.9k 153 US State South Carolina South Carolina . C..
29%
83,600 83.6k 152 Country United Arab Emirates United Arab Emirates . S..
29%
75,417 75.4k 156 Country Panama Panama . S..
28%
77,474 77.4k 155 Country Serbia Serbia . P
28%
69,700 69.7k 159 Country Georgia Georgia . S..
27%
70,273 70.2k 158 Country Ireland Ireland . G
27%
64,559 64.5k 162 Country Latvia Latvia . W..
27%
65,300 65.3k 161 Country Lithuania Lithuania . L
27%
71,740 71.7k 157 Country Sierra Leone Sierra Leone . I
27%
65,610 65.6k 160 Country Sri Lanka Sri Lanka . L
26%
56,785 56.7k 164 Country Togo Togo . C
26%
62,756 62.7k 163 US State West Virginia West Virginia . T
26%
51,209 51.2k 166 Country Bosnia and Herzegovina Bosnia and Herzegovina . C..
25%
51,100 51.1k 167 Country Costa Rica Costa Rica . S
25%
56,594 56.5k 165 Country Croatia Croatia . B..
25%
49,037 49k 168 Country Slovakia Slovakia . D..
25%
43,094 43k 171 Country Denmark Denmark . N
24%
48,671 48.6k 169 Country Dominican Republic Dominican Republic . E
24%
45,227 45.2k 170 Country Estonia Estonia . D
24%
41,850 41.8k 172 Country Netherlands Netherlands . S
24%
38,394 38.3k 174 Country Bhutan Bhutan . T
23%
41,284 41.2k 173 Country Switzerland Switzerland . B
23%
36,193 36.1k 175 Country Taiwan Taiwan . G
23%
0.44 0.44 246 Country Vatican City Vatican City .
22%
30,528 30.5k 179 Country Belgium Belgium . L
21%
36,125 36.1k 176 Country Guinea-Bissau Guinea-Bissau . M
21%
33,846 33.8k 177 Country Moldova Moldova . M
21%
29,743 29.7k 181 Country Armenia Armenia . S..
20%
30,355 30.3k 180 Country Lesotho Lesotho . A
20%
28,748 28.7k 183 Country Albania Albania . H
19%
32,131 32.1k 178 US State Maryland Maryland . B
19%
2.02 2.02 245 Country Monaco Monaco . V..
19%
28,896 28.8k 182 Country Solomon Islands Solomon Islands . A
19%
27,834 27.8k 186 Country Burundi Burundi . H
17%
28,051 28k 185 Country Equatorial Guinea Equatorial Guinea . B
17%
27,750 27.7k 187 Country Haiti Haiti . M
17%
28,313 28.3k 184 US State Hawaii Hawaii . E..
16%
21 21 244 Country Nauru Nauru . M
16%
26,338 26.3k 189 Country Rwanda Rwanda . M
16%
23,200 23.2k 193 Country Djibouti Djibouti . B
15%
25,713 25.7k 190 Country Macedonia Macedonia . V
15%
27,336 27.3k 188 US State Massachusetts Massachusetts . R
15%
24,214 24.2k 192 US State New Hampshire New Hampshire . D
15%
24,906 24.9k 191 US State Vermont Vermont . N..
15%
22,966 22.9k 194 Country Belize Belize . N..
14%
18,272 18.2k 199 Country Fiji Fiji . K
14%
21,041 21k 196 Country El Salvador El Salvador . I
13%
20,770 20.7k 197 Country Israel Israel . S
13%
17,818 17.8k 200 Country Kuwait Kuwait . S
13%
22,591 22.5k 195 US State New Jersey New Jersey . E..
13%
61 61 242 Country San Marino San Marino . T
13%
20,273 20.2k 198 Country Slovenia Slovenia . F
13%
26 26 243 Country Tuvalu Tuvalu . N
13%
13,943 13.9k 204 Country Bahamas Bahamas . M
12%
14,919 14.9k 202 Country East Timor East Timor . C
12%
11,586 11.5k 207 Country Qatar Qatar . G
12%
12,189 12.1k 206 Country Vanuatu Vanuatu . Q
12%
14,357 14.3k 203 US State Connecticut Connecticut . B
11%
9,251 9.25k 212 Country Cyprus Cyprus . D
11%
6,446 6.44k 213 US State Delaware Delaware . B
11%
11,295 11.2k 208 Country Gambia Gambia . J
11%
10,991 10.9k 209 Country Jamaica Jamaica . K
11%
10,887 10.8k 210 Country Kosovo Kosovo . L
11%
13,812 13.8k 205 Country Montenegro Montenegro . V
11%
17,364 17.3k 201 Country Swaziland Swaziland . E..
11%
5,765 5.76k 214 Country Brunei Brunei . T..
10%
4,033 4.03k 216 Country Cape Verde Cape Verde . R..
10%
10,452 10.4k 211 Country Lebanon Lebanon . C
10%
160 160 241 Country Liechtenstein Liechtenstein . S..
10%
459 459 231 Country Palau Palau . S
10%
4,001 4k 217 US State Rhode Island Rhode Island . S
10%
2,842 2.84k 218 Country Samoa Samoa . L
10%
5,130 5.13k 215 Country Trinidad and Tobago Trinidad and Tobago . C..
10%
468 468 230 Country Andorra Andorra . P
9%
442 442 233 Country Antigua and Barbuda Antigua and Barbuda . B
9%
430 430 234 Country Barbados Barbados . S..
9%
1,862 1.86k 221 Country Comoros Comoros . S..
9%
811 811 223 Country Kiribati Kiribati . B
9%
2,586 2.58k 219 Country Luxembourg Luxembourg . M
9%
2,040 2.04k 220 Country Mauritius Mauritius . C
9%
389 389 235 Country Saint Vincent and the Grenadines Saint Vincent and the Grenadines . G
9%
964 964 222 Country São Tomé and Príncipe São Tomé and Príncipe . K
9%
452 452 232 Country Seychelles Seychelles . A..
9%
747 747 226 Country Tonga Tonga . S
9%
765 765 224 Country Bahrain Bahrain . D
8%
751 751 225 Country Dominica Dominica . T
8%
702 702 228 Country Federated States of Micronesia Federated States of Micronesia . S..
8%
344 344 236 Country Grenada Grenada . M
8%
316 316 237 Country Malta Malta . M
8%
181 181 240 Country Marshall Islands Marshall Islands . L
8%
261 261 239 Country Saint Kitts and Nevis Saint Kitts and Nevis . M..
8%
616 616 229 Country Saint Lucia Saint Lucia . A
8%
719 719 227 Country Singapore Singapore . F..
8%
300 300 238 Country Maldives Maldives . S..
7%
No matching quizzes found
Score Distribution
Percent of People with Each Score
Percentile by Number Answered
Your Score History
You have not taken this quiz